Centrum chorvátskej kultúry, Jarovce

Na minha lista:
Detalhes bibliográficos
Autor principal: Galková, Hana (Author)
Outros Autores: Varga, Tibor (Thesis advisor)
Formato: Manuscrito Livro
Idioma:eslovaco
Publicado em: 2025
Assuntos:
Acesso em linha:http://is.stuba.sk/zp/portal_zp.pl?podrobnosti=168238
Tags: Adicionar Tag
Sem tags, seja o primeiro a adicionar uma tag!

MARC

LEADER 00000ntm a22000003a 4500
001 stuzp105197
003 SK-STU
005 20250614213706.7
007 ta
008 150427s2015----xo-----f-mn---000-0-slo-d
040 |a STU  |b slo 
041 0 |a slo 
100 1 |a Galková, Hana  |u 052120  |4 aut  |U FAD Fakulta architektúry a dizajnu  |T FAD Ústav ekologickej a experimentálnej architektúry  |X 115571  |U A2120  |Y 393  |7 115571 
242 0 1 |a Croatian Cultural Center, Jarovce  |y eng 
245 1 0 |a Centrum chorvátskej kultúry, Jarovce 
260 |c 2025 
650 4 |a spatial connectivity  |2 eng 
650 4 |a Jarovce  |2 eng 
650 4 |a cultural centre  |2 eng 
650 4 |a prepájanie priestorov  |2 slo 
650 4 |a Jarovce  |2 slo 
650 4 |a kultúrne centrum  |2 slo 
700 1 |a Varga, Tibor  |u 052120  |k Z1  |4 ths  |U FAD Fakulta architektúry a dizajnu  |T FAD Ústav ekologickej a experimentálnej architektúry  |X 337  |U A2120  |Y 393  |7 A000000337 
856 4 |u http://is.stuba.sk/zp/portal_zp.pl?podrobnosti=168238